Music Quiz

Random Music or Artist Quiz

WLS Big 89 of 1985 Quiz Stats

 Plays Quiz not verified by Sporcle

Score 0/89 Timer 20:00
0 Plays Today
# Title % Correct
30Everybody Wants To Rule The World
83.9%
61Like A Virgin
77.4%
23Take On Me
74.2%
89Relax
74.2%
79Walking On Sunshine
71%
6Easy Lover
67.7%
18Born In The U. S. A.
67.7%
27Money For Nothing
67.7%
31The Boys Of Summer
67.7%
75Dancing In The Street
67.7%
85Voices Carry
67.7%
38Summer Of '69
64.5%
45St. Elmo's Fire
64.5%
77Material Girl
64.5%
83Shout
64.5%
1Sussudio
61.3%
16Axel F
61.3%
22Theme from Miami Vice
61.3%
42Don't You (Forget About Me)
61.3%
56One Night In Bangkok
61.3%
5Power Of Love
58.1%
43Broken Wings
58.1%
47Glory Days
58.1%
3Raspberry Beret
54.8%
26All I Need
54.8%
68I'm On Fire
54.8%
73I Feel For You
54.8%
82Smooth Operator
54.8%
87California Girls
54.8%
11I Want To Know What Love Is
51.6%
# Title % Correct
21Head Over Heels
51.6%
54Freeway Of Love
51.6%
4Never Surrender
48.4%
13Heaven
48.4%
15You're The Inspiration
48.4%
32Everytime You Go Away
48.4%
55Never
48.4%
78Part Time Lover
48.4%
28Can't Fight this Feeling
45.2%
29And We Danced
45.2%
34Separate Lives
45.2%
40Rhythm Of The Night
45.2%
46Suddenly
45.2%
57In My House
45.2%
59The Heat Is On
45.2%
69Oh Sheila
45.2%
76We Don't Need Another Hero
45.2%
12We Belong
41.9%
24Crazy For You
41.9%
80Solid
41.9%
7One More Night
38.7%
19You Belong To The City
38.7%
39A View To A Kill
38.7%
50Smuggler's Blues
38.7%
53Method Of Modern Love
38.7%
63Nightshift
38.7%
67Out Of Touch
38.7%
72People Are People
38.7%
84Lovergirl
38.7%
88Cherish
38.7%
# Title % Correct
2Into The Groove
35.5%
9Things Can Only Get Better
35.5%
37Everything She Wants
35.5%
41The Search Is Over
35.5%
49Invincible
35.5%
70Sentimental Street
35.5%
74What About Love
35.5%
81If You Love Somebody Set Them Free
35.5%
44Fresh
32.3%
52Run To You
32.3%
20High On You
29%
48Loverboy
29%
64Foolish Heart
29%
10Lonely Ol' Night
25.8%
14Don't Lose My Number
25.8%
17Careless Whisper
25.8%
58Hard Habit To Break
25.8%
60Back In Time
25.8%
62And She Was
25.8%
66Better Be Good To Me
25.8%
36Lay Your Hands On Me
22.6%
8I Can't Hold Back
19.4%
33Dare Me
19.4%
35Along Comes A Woman
19.4%
71Somebody
19.4%
86I'm Goin' Down
19.4%
65Keeping The Faith
16.1%
25Walking On A Thin Line
12.9%
51Trapped
6.5%

You're not logged in!

Compare scores with friends on all Sporcle quizzes.
OR
Log In

Show Comments

Extras

Top Quizzes Today


Score Distribution

Your Account Isn't Verified!

In order to create a playlist on Sporcle, you need to verify the email address you used during registration. Go to your Sporcle Settings to finish the process.

Report this User

Report this user for behavior that violates our Community Guidelines.

Details: